| Tag |
First Indicator |
Second Indicator |
Subfields |
| LEADER |
00000cam a2200000 i 4500 |
| 001 |
in00000043092 |
| 005 |
20151007070839.0 |
| 008 |
790115m19251930onc b 00000 eng d |
| 010 |
|
|
|a gs 26000059
|
| 035 |
|
|
|a (OCoLC)04551725
|
| 035 |
|
|
|9 AAE4833AM
|
| 040 |
|
|
|a WTU
|c WTU
|d TXA
|d UtOrBLW
|
| 049 |
|
|
|a TXAM
|c [107019]
|
| 050 |
1 |
0 |
|a QE748
|b .A43 no.1, no.2
|
| 092 |
|
|
|a 560.971
|b C212i
|
| 110 |
2 |
|
|a Geological Survey of Canada.
|
| 245 |
1 |
0 |
|a Index to paleontology :
|b (Geological publications ... ) /
|c Compiled by Frank Nicolas.
|
| 264 |
|
1 |
|a Ottawa :
|b F. A. Acland,
|c 1925-30.
|
| 300 |
|
|
|a 2 volumes in 1. ;
|c 25 cm.
|
| 336 |
|
|
|a text
|b txt
|2 rdacontent
|
| 337 |
|
|
|a unmediated
|b n
|2 rdamedia
|
| 338 |
|
|
|a volume
|b nc
|2 rdacarrier
|
| 490 |
0 |
|
|a Miscellaneous series no. 1-2
|
| 500 |
|
|
|a At head of title: [pt. 1] Geological Survey, Canada; [pt. 2] Canada. Department of Mines. Geological Survey.
|
| 500 |
|
|
|a On cover of [pt. I]: Fossil index, 1847-1916.
|
| 500 |
|
|
|a No. 1 issued without series number.
|
| 500 |
|
|
|a Paged continuously.
|
| 505 |
0 |
|
|a [pt. 1] Geological publications, 1847-1916.--[pt. 2] Geological publications, 1917-1926.
|
| 610 |
1 |
0 |
|a Geological Survey of Canada
|x Bibliography.
|
| 650 |
|
0 |
|a Paleontology
|z Canada
|x Bibliography.
|
| 700 |
1 |
|
|a Nicolas, Frank James.
|
| 740 |
0 |
|
|a Fossil index, 1847-1916.
|
| 999 |
|
|
|a MARS
|
| 999 |
f |
f |
|s f13d9b5d-c215-3b32-ae17-fae9a2e93af2
|i 8974e092-93de-33a4-b390-0357860135b6
|t 0
|
| 952 |
f |
f |
|p ric
|a Texas A&M University
|b Rellis Campus
|c Joint Library Facility
|d Remote Storage
|t 0
|e QE748 .A43 no.1, no.2
|h Library of Congress classification
|i unmediated -- volume
|m A14800963441
|
| 998 |
f |
f |
|a QE748 .A43 no.1, no.2
|t 0
|l Remote Storage
|